| 000 | 01102cam a22003377a 4500 | ||
|---|---|---|---|
| 003 | CHAP | ||
| 005 | 20220329141059.0 | ||
| 008 | 971013s1995 r 00010 d | ||
| 010 | _a62318 | ||
| 011 | _a63290 | ||
| 035 | _a67466 | ||
| 040 | _cCHAP | ||
| 082 |
_a634.92572 _bM49l 1995 |
||
| 110 |
_aMéxico. Leyes, decretos, etc. _977071 |
||
| 245 | 0 | _aLegislación forestal y de caza | |
| 250 | _a13 ed. | ||
| 260 |
_aMéxico, D.F. : _bPorrúa, _c1995 |
||
| 300 | _a222 p. | ||
| 490 | 0 | _aLeyes y códigos de México | |
| 590 |
_aBATCH-UPD _b10 _c20130110 _lUCH01 _h0900 |
||
| 590 |
_aBATCH-UPD _b10 _c20130410 _lUCH01 _h0529 |
||
| 590 |
_aBATCH-UPD _b10 _c20130914 _lUCH01 _h0717 |
||
| 590 |
_aCONVERSION _b10 _c20130109 _lUCH01 _h1333 |
||
| 650 | 1 | 4 |
_aBosques _xLeyes _zMéxico. _914332 |
| 650 | 1 | 4 |
_aCacería _xLeyes. _916981 |
| 830 | 0 |
_aLeyes y códigos de México _966564 |
|
| 901 | _aBK | ||
| 942 | _cLIBRO | ||
| 949 |
_a634.92572 M49l 1995 _bBC _cC _d33724000633293 _eC _fc.2 _gI.c/e _h91864 _i67466 _sb _t13.00 |
||
| 949 |
_a634.92572 M49l 1995 _bBC _cC _d33724000633319 _eC _gI.c/e _h91863 _i67466 _si _t13.00 |
||
| 999 |
_c62318 _d62318 |
||